000 00821nam a2200181Ia 4500
008 090630s9999 xx 000 0 und d
082 _b21622
100 _aजेम्स हॅडली चेस अनु. हुद्दार मधुकर.
245 _aगॅस चेंबर.
_cजेम्स हॅडली चेस अनु. हुद्दार मधुकर.
260 _bप्राजक्ता - पुणे.
_c2001
300 _a160
600 _aजेम्स हॅडली चेस अनु. हुद्दार मधुकर.
630 _aगॅस चेंबर.
655 _aलघुकथा.
700 _aजेम्स हॅडली चेस अनु. हुद्दार मधुकर.
730 _aगॅस चेंबर.
942 _cBOOK
999 _c273478
_d273478